[Event "Syre Memorial op 34th"]
[Site "Issy les Moulineaux"]
[Date "2011.06.04"]
[Round "5"]
[White "Aveline, Philippe"]
[Black "Hellin, Stephan"]
[Result "1-0"]
[WhiteElo "2102"]
[BlackElo "1813"]
[PlyCount "109"]
[EventDate "2011.06.03"]
[EventType "swiss"]
[EventRounds "6"]
[EventCountry "FRA"]
[SourceTitle "EXT 2012"]
[Source "ChessBase"]
[SourceDate "2011.11.24"]
[SourceVersion "1"]
[SourceVersionDate "2011.11.24"]
[SourceQuality "1"]

1. e4 c6 2. d4 d5 3. Nc3 dxe4 4. Nxe4 Bf5 5. Ng3 Bg6 6. h4 h6 7. Nf3 Nd7 8. h5 Bh7 9. Bd3 Bxd3 10. Qxd3 e6 11. Bd2 Qc7 12. 0-0-0 0-0-0 13. c4 Ngf6 14. Kb1 Bd6 15. Ne4 Nxe4 16. Qxe4 Nf6 17. Qh4 c5 18. Be3 Kb8 19. Rc1 Nd7 20. Rhd1 Ka8 21. a3 Rhe8 22. Rd2 Be7 23. Qg4 Bf6 24. d5 Ne5 25. Qg3 exd5 26. cxd5 b6 27. Bf4 Qe7 28. Re1 Nxf3 29. Rxe7 Nxd2+ 30. Bxd2 Rxe7 31. d6 Re6 32. Bf4 Kb7 33. Qf3+ Ka6 34. Qd3+ Kb7 35. Qd5+ Ka6 36. Qd3+ Kb7 37. b4 Bd4 38. b5 Rexd6 39. Bxd6 Rxd6 40. Qf3+ Kc7 41. Qxf7+ Rd7 42. Qf4+ Kd8 43. f3 Bf6 44. g4 Rd1+ 45. Kc2 Rd7 46. Qe4 Ba1 47. f4 Bf6 48. Qg2 Ke7 49. g5 hxg5 50. fxg5 Bd4 51. h6 Kf7 52. g6+ Kf6 53. Qc6+ Ke7 54. Qxd7+ Kxd7 55. h7 1-0

[Event "Syre Memorial op 32nd"]
[Site "Issy les Moulineaux"]
[Date "2009.05.22"]
[Round "3"]
[White "Walinga, Eric Jan"]
[Black "Hellin, Stephan"]
[Result "1-0"]
[WhiteElo "2014"]
[BlackElo "1600"]
[PlyCount "31"]
[EventDate "2009.05.21"]
[EventType "swiss"]
[EventRounds "6"]
[EventCountry "FRA"]
[SourceTitle "EXT 2010"]
[Source "ChessBase"]
[SourceDate "2010.11.25"]
[SourceVersion "1"]
[SourceVersionDate "2010.11.25"]
[SourceQuality "1"]

1. e4 c6 2. d4 d5 3. exd5 cxd5 4. c4 Nf6 5. Nc3 e6 6. Nf3 Bb4 7. cxd5 Nxd5 8. Bd2 0-0 9. Bd3 Nd7 10. 0-0 N7f6 11. Qe2 b6 12. Nxd5 Nxd5 13. Bxb4 Nxb4 14. Bxh7+ Kxh7 15. Qe4+ f5 16. Qxa8 1-0